[Event "COL-ch sf"]
[Site "Pereira"]
[Date "2024.03.27"]
[Round "4"]
[White "Marin Florez, Schmidt"]
[Black "Bustamante Herrera, Mateo"]
[Result "1/2-1/2"]
[WhiteElo "1909"]
[BlackElo "1600"]
[PlyCount "67"]
[EventDate "2024.03.26"]
[EventType "swiss"]
[EventRounds "11"]
[EventCountry "COL"]
[SourceTitle "CB14_2024"]
[SourceDate "2024.04.01"]
[SourceVersion "1"]
[SourceVersionDate "2024.04.01"]
[SourceQuality "1"]

1. e4 e5 2. f4 Bc5 3. Nf3 d6 4. Bc4 Qf6 5. Nc3 Ne7 6. fxe5 dxe5 7. d3 Nbc6 8. Bg5 Qg6 9. Qd2 f6 10. Be3 Bxe3 11. Qxe3 Bg4 12. 0-0-0 0-0-0 13. Nd5 Nxd5 14. exd5 Nd4 15. c3 Nxf3 16. gxf3 Bh5 17. Qxa7 Bxf3 18. Bb5 c6 19. dxc6 Bxc6 20. Bxc6 bxc6 21. Rhg1 Qh6+ 22. Kb1 g6 23. Rg4 Qh5 24. Rdg1 Qf5 25. a3 Qxd3+ 26. Ka1 e4 27. h4 f5 28. Rf4 Qd6 29. Rxf5 gxf5 30. Rg7 Qd1+ 31. Ka2 Qd5+ 32. Ka1 Qd1+ 33. Ka2 Qd5+ 34. Ka1 1/2-1/2

[Event "COL-ch sf"]
[Site "Pereira"]
[Date "2024.03.26"]
[Round "2"]
[White "Marin Florez, Schmidt"]
[Black "Munoz Triana, Joseph Steve"]
[Result "0-1"]
[WhiteElo "1909"]
[BlackElo "2118"]
[PlyCount "46"]
[EventDate "2024.03.26"]
[EventType "swiss"]
[EventRounds "11"]
[EventCountry "COL"]
[SourceTitle "CB14_2024"]
[SourceDate "2024.04.01"]
[SourceVersion "1"]
[SourceVersionDate "2024.04.01"]
[SourceQuality "1"]

1. e4 c5 2. Nf3 e6 3. d4 cxd4 4. Nxd4 a6 5. c4 Nf6 6. Nc3 Bb4 7. Qd3 d5 8. cxd5 exd5 9. e5 Ne4 10. Bd2 0-0 11. Be2 Nd7 12. Nxe4 dxe4 13. Qxe4 Bxd2+ 14. Kxd2 Qa5+ 15. Kc1 Nxe5 16. Rd1 Bd7 17. Kb1 Nc6 18. Bd3 g6 19. f3 Rfe8 20. Nxc6 Bxc6 21. Qh4 Rad8 22. a3 Ba4 23. b4 Qd5 0-1